| 000 | 01070nas a2200301 4500 | ||
|---|---|---|---|
| 001 | BR0200608 | ||
| 003 | BR-BrBNA | ||
| 005 | 20231205102725.0 | ||
| 007 | ta | ||
| 008 | 230509b bl.|||p| |||| 00| 00por d | ||
| 040 |
_aBR-BrBNA _bpor _cBiblioteca Nacional de Agricultura |
||
| 041 | _a(Pt) | ||
| 072 | _aL53 | ||
| 100 | 1 | _aBorges, J.B.S. | |
| 100 | 1 | _aGregory, R.M. | |
| 111 | 1 |
_a14. Congresso Brasileiro de Reprodução Animal _cBelo Horizonte, MG (Brazil) _d1-5 Aug 2001 |
|
| 245 | 1 | _aIndução e sincronização do estro com progesterona, benzoato de estradiol e GnRH de vacas de corte acíclicas para inseminação artificial a tempo fixo | |
| 650 | _aVACA DE CORTE | ||
| 650 | _aSINCRONIZAÇÃO DO CIO | ||
| 650 | _aCICLO ESTRAL | ||
| 650 | _aPROGESTERONA | ||
| 650 | _aINSEMINAÇÃO ARTIFICIAL | ||
| 650 | _aFERTILIDADE | ||
| 650 | _aINDUÇÃO | ||
| 773 | 0 |
_tRevista Brasileira de Reprodução Animal (Brazil) _xISSN 0102-0803 _g(Jul-Sep 2001), v. 25(3) p. 312-314 _wBR0200608 |
|
| 909 |
_a202311 _bLúcia _c55 _dLúcia Elande |
||
| 942 |
_2AGRIS _n0 _cANA |
||
| 999 |
_c168996 _d168996 |
||